00478nam a2200145Ia 4500008004100000020001800041041000800059082001900067100002800086245010400114250000600218260006500224300001200289650003100301210716s2008 xx 000 0 und d a9788184046021 aeng a005.3622 SILT aSilver, Tessa Blakeley. aWord press theme design: a complete guide to creating profess.bcomplete guide to creating profess. a1 aNew DelhibShroff Publishers and Distributors Pvt Ltdc2008 av,211,5 aMicrosoft Windows(005.269)